LEADER 02034nam 2200553 450 001 9910705817803321 005 20170809115305.0 035 $a(CKB)5470000002454243 035 $a(OCoLC)1000154541 035 $a(EXLCZ)995470000002454243 100 $a20170809j199811 ua 0 101 0 $aeng 135 $aurbn||||||||| 181 $ctxt$2rdacontent 182 $cc$2rdamedia 183 $acr$2rdacarrier 200 10$aDetermination of yield in Inconel 718 for axial-torsional loading at temperatures up to 649°C /$fChristopher M. Gil and Cliff J. Lissenden, Bradley A. Lerch 210 1$aCleveland, Ohio :$cNational Aeronautics and Space Administration, Lewis Research Center,$dNovember 1998. 215 $a1 online resource (33 pages) $cillustrations 225 1 $aNASA/TM ;$v1998-208658 300 $a"November 1998." 300 $a"Performing organization: National Aeronautics and Space Administration, Lewis Research Center"--Report documentation page. 320 $aIncludes bibliographical references (pages 9-10). 606 $aHeat resistant alloys$2nasat 606 $aInconel (trademark)$2nasat 606 $aTorsion$2nasat 606 $aTemperature effects$2nasat 606 $aAxial loads$2nasat 606 $aStrain distribution$2nasat 606 $aYield strength$2nasat 606 $aHigh temperature environments$2nasat 615 7$aHeat resistant alloys. 615 7$aInconel (trademark) 615 7$aTorsion. 615 7$aTemperature effects. 615 7$aAxial loads. 615 7$aStrain distribution. 615 7$aYield strength. 615 7$aHigh temperature environments. 700 $aGil$b Christopher M.$01416811 702 $aLissenden$b Cliff Jesse 702 $aLerch$b Bradley A. 712 02$aLewis Research Center, 801 0$bGPO 801 1$bGPO 906 $aBOOK 912 $a9910705817803321 996 $aDetermination of yield in Inconel 718 for axial-torsional loading at temperatures up to 649°C$93523451 997 $aUNINA